|
|
|
|
| LEADER |
00000nam0a2200000 4500 |
| 001 |
371974 |
| 005 |
20231102012431.0 |
| 035 |
|
|
|a (RuTPU)RU\TPU\retro\29388
|
| 090 |
|
|
|a 371974
|
| 100 |
|
|
|a 20221205d1978 k y0rusy50 ca
|
| 101 |
0 |
|
|a rus
|
| 102 |
|
|
|a RU
|
| 105 |
|
|
|a a z 001zy
|
| 200 |
1 |
|
|a Силатраны
|e монография
|f М. Г. Воронков, В. М. Дьяков
|g Академия наук СССР, Сибирское отделение, Иркутский институт органической химии ; отв. ред. Н. С. Наметкин
|
| 210 |
|
|
|a Новосибирск
|c Наука
|d 1978
|
| 215 |
|
|
|a 207 с.
|c ил.
|
| 320 |
|
|
|a Библиогр.: с. 191-204
|
| 606 |
1 |
|
|a Силатраны
|x Химия
|2 stltpush
|3 (RuTPU)RU\TPU\subj\64791
|9 81539
|
| 610 |
1 |
|
|a получение
|
| 610 |
1 |
|
|a строение
|
| 610 |
1 |
|
|a физические свойства
|
| 610 |
1 |
|
|a химические свойства
|
| 610 |
1 |
|
|a биологическая активность
|
| 610 |
1 |
|
|a практическое применение
|
| 610 |
1 |
|
|a монографии
|
| 675 |
|
|
|a 547.1'128
|v 4
|
| 700 |
|
1 |
|a Воронков
|b М. Г.
|g Михаил Григорьевич
|
| 701 |
|
1 |
|a Дьяков
|b В. М.
|g Валерий Михайлович
|
| 702 |
|
1 |
|a Наметкин
|b Н. С.
|4 340
|
| 712 |
0 |
2 |
|a Академия наук СССР
|b Сибирское отделение
|b Иркутский институт органической химии
|2 stltpush
|3 (RuTPU)RU\TPU\col\14367
|9 25916
|
| 801 |
|
1 |
|a RU
|b 63413507
|c 20221205
|
| 942 |
|
|
|c BK
|